<?xml version="1.0" encoding="UTF-8"?>
<marc:record xmlns:marc="http://www.loc.gov/MARC21/slim">
   <marc:leader>00000nam a2200000 a 4500</marc:leader>
   <marc:datafield ind1="1" ind2=" " tag="100">
      <marc:subfield code="a">Hoffman, Jilliane</marc:subfield>
      <marc:subfield code="4">aut</marc:subfield>
      <marc:subfield code="e">Verfasser/-in</marc:subfield>
   </marc:datafield>
   <marc:datafield ind1="0" ind2="0" tag="245">
      <marc:subfield code="a">Samariter</marc:subfield>
   </marc:datafield>
   <marc:datafield ind1=" " ind2="1" tag="264">
      <marc:subfield code="b">Wunderlich</marc:subfield>
      <marc:subfield code="c">2015</marc:subfield>
   </marc:datafield>
   <marc:datafield ind1="1" ind2=" " tag="520">
      <marc:subfield code="a">Eine bestialische Mordserie erschüttert Südflorida: Junge Frauen werden entführt und zu Tode gequält, ihre Leichen inmitten von Zuckerrohrfeldern abgelegt. Die Polizei hat keine Spur. Aber dann beobachtet die junge Mutter Faith Saunders eines Nachts eine Frau, auf der Flucht vor einem Mann. Starr vor Angst begeht Faith einen folgenschweren Fehler. Und ihr Leben verwandelt sich in einen Albtraum.</marc:subfield>
   </marc:datafield>
   <marc:datafield ind1=" " ind2=" " tag="020">
      <marc:subfield code="a">9783805208949</marc:subfield>
      <marc:subfield code="9">9783805208949</marc:subfield>
   </marc:datafield>
</marc:record>
